000
00299nam a22001337a 4500
008
170606b xxu||||| |||| 00| 0 eng d
020
_a
9780136154389
041
_a
eng
080
_a
94(6)
100
_a
18
101
_a
SHH
245
_a
AFRICA IN WORLD HISTORY
_c
GILBERT.E
942
_2
udc
_c
BK
999
_c
16010
_d
16010